"¡Avanti!" : poemas para fortalecer nuestro espíritu /
Guardado en:
| Autor Principal: | |
|---|---|
| Formato: | Libro |
| Idioma: | Undetermined |
| Publicado: |
Rosario ; Buenos Aires :
Ameghino,
1999.
|
| Edición: | 1a ed. |
| Series: | Poesía
|
| Materias: | |
| Etiquetas: |
Agregar Etiqueta
Sin Etiquetas, Sea el primero en etiquetar este registro!
|
| LEADER | 01064nam a22002055a 4500 | ||
|---|---|---|---|
| 001 | CEM.cems025039 | ||
| 008 | 251219s1999####ag############000#0#und#d | ||
| 005 | 20251219143404.0 | ||
| 245 | 1 | 0 | |a "¡Avanti!" : |b poemas para fortalecer nuestro espíritu / |c Almafuerte. |
| 250 | |a 1a ed. | ||
| 260 | |a Rosario ; |a Buenos Aires : |b Ameghino, |c 1999. | ||
| 300 | |a 126 p. | ||
| 440 | 0 | |a Poesía | |
| 505 | 0 | |a Siete sonetos medicinales -- Gimió cien veces -- Olímpicas -- ¡Pobre Juan! -- Nada más tonto -- ¡Meditad! -- ¿Flores a mí? -- Paralelas -- Jesús -- Mater dolorosa -- ¡Vade retro! -- Fúnebre -- Vigilias amargas -- Castigo -- Adiós a la maestra -- Serenata -- Cristianas -- ¡Dios te salve! -- Sintética -- La canción de un hombre -- Vencidos -- Pasión -- ¡Pubertades de Satán! -- Sin tregua -- Páginas Negras | |
| 500 | |a Almafuerte es el pseudónimo de Pedro B. Palacios. | ||
| 020 | |a 987921692X | ||
| 100 | 1 | |a Almafuerte. | |
| 653 | |a Poesía argentina | ||
| 653 | |a Literatura argentina | ||
| 859 | |a CEMS |b BIB. CEMS - 11 de abril |h A861.3 |i Al62-1 |p 30602.25 |t Ej.1 | ||
